000 00750cam a2200217 4500
008 060302s2000 mx 000 0 spa u
020 _a9701504941
035 _aa452536
111 2 _aConferencia Internacional del Trabajo (86a
_d, 1998 :
_cGinebra)
245 1 3 _aEl trabajo infantil :
_bLo intolerable en el punto de mira :
_b sexto punto del orden del día /
_cOficina Internacional del Trabajo
250 _a1a ed.
260 _aMéxico :
_bAlfaomega,
_c2000
300 _aiv, 133 p. ;
_c 23 cm.
504 _aIncluye pies de pagina
506 _aPifi 3.1
650 7 _aTrabajo de niños
_2Lemb
650 7 _aProblemas sociales
_2Lemb
710 2 _aOficina Internacional del trabajo
942 _2lcc
_cLIB
999 _c103330
_d103330